000
00203 a2200097 4500
001
7982
100
_a
Price, G W
245
_a
Extra-special correspondent
260
_a
_b
Harrap
_c
090
_c
6392
_d
6392
942
_a
NUST-CAE
_c
M
_c
32925
999
_c
243055
_d
243055